Rethinking the color line: readings in race and ethnicity/
El texto es una colección de lecturas fundamentadas teóricamente y empíricamente, sobre la racialidad y las relaciones raciales que ilustran cómo aspectos raciales y la etnicidad influyen en aspectos de la vida social, de maneras en que a menudo pasan desapercibidas por la cultura, la política y la...
Guardado en:
| Autor principal: | |
|---|---|
| Formato: | Libro |
| Lenguaje: | English |
| Publicado: |
New York:
McGraw Hill,
2004
|
| Edición: | 2° edición |
| Materias: | |
| Etiquetas: |
Agregar Etiqueta
Sin Etiquetas, Sea el primero en etiquetar este registro!
|
MARC
| LEADER | 00000nam a22000007a 4500 | ||
|---|---|---|---|
| 003 | cru CIDCACS/IIS | ||
| 005 | 20230703082103.0 | ||
| 007 | ta | ||
| 008 | 180307t2004 nyu|||||r|||||||| ||eng|d | ||
| 020 | |a 0767420918 | ||
| 040 | |c cru CIDCACS/IIS | ||
| 090 | |a 04.02.04 G162r | ||
| 100 | 1 | |a Gallagher, Charles A. (Charles Andrew) |d 1962- |9 6756 | |
| 245 | 1 | |a Rethinking the color line: |b readings in race and ethnicity/ |c Charles A. Gallagher | |
| 250 | |a 2° edición | ||
| 260 | |a New York: |b McGraw Hill, |c 2004 | ||
| 300 | |a 626 páginas: |b tablas, gráficos | ||
| 500 | |a Donado por Joanna Dreby | ||
| 520 | 3 | |a El texto es una colección de lecturas fundamentadas teóricamente y empíricamente, sobre la racialidad y las relaciones raciales que ilustran cómo aspectos raciales y la etnicidad influyen en aspectos de la vida social, de maneras en que a menudo pasan desapercibidas por la cultura, la política y la economía. El autor reúne, de esta forma, una colección de lecturas sobre la dinámica racial y los orígenes étnicos en los Estados Unidos. FGO 05/10/2022 | |
| 650 | 0 | 0 | |0 TESAURO OCDE |9 633 |a DISCRIMINACION RACIAL |
| 650 | 0 | 0 | |0 TESAURO OCDE |9 2351 |a SEGREGACIÓN RACIAL |
| 650 | 0 | 0 | |0 TESAURO OCDE |9 3003 |a CONFLICTOS RACIALES |
| 650 | 0 | 0 | |0 TESAURO OCDE |9 2796 |a RELACIONES RACIALES |
| 651 | 0 | |2 TESAURO OCDE |9 245 |a ESTADOS UNIDOS | |
| 942 | |2 ddc |c LI |h 04.02.04 G162r |i 18567 |6 040204_G162R_18567 | ||
| 999 | |c 41115 |d 41115 | ||



